ARRUPE JESUIT UNIVERSITY

CORONAVIRUS -STOP THE SPREAD - CLEAN,DISINFECT,COVER

Return to grace : (Record no. 117931)

MARC details
000 -LEADER
fixed length control field 00949cam a2200277 a 4500
001 - CONTROL NUMBER
control field 2107685
003 - CONTROL NUMBER IDENTIFIER
control field ARRUPE
005 - DATE AND TIME OF LATEST TRANSACTION
control field 20140426020010.0
008 - FIXED-LENGTH DATA ELEMENTS--GENERAL INFORMATION
fixed length control field 960723s1996 mnu b 001 0 eng
010 ## - LIBRARY OF CONGRESS CONTROL NUMBER
LC control number 96034099
020 ## - INTERNATIONAL STANDARD BOOK NUMBER
International Standard Book Number 0814661556
040 ## - CATALOGING SOURCE
Original cataloging agency DLC
Transcribing agency DLC
Modifying agency DLC
050 00 - LIBRARY OF CONGRESS CALL NUMBER
Classification number BV813.2
Item number .S73 1996
082 00 - DEWEY DECIMAL CLASSIFICATION NUMBER
Classification number 234/.1612
Edition number 20
300 ## - PHYSICAL DESCRIPTION
Dimensions 23 cm.
100 1# - MAIN ENTRY--PERSONAL NAME
Personal name Stasiak, Kurt,
Dates associated with a name 1952-
9 (RLIN) 788
245 10 - TITLE STATEMENT
Title Return to grace :
Remainder of title a theology of infant baptism /
Statement of responsibility, etc Kurt Stasiak.
260 ## - PUBLICATION, DISTRIBUTION, ETC. (IMPRINT)
Place of publication, distribution, etc Collegeville, Minn. :
Name of publisher, distributor, etc Liturgical Press,
Date of publication, distribution, etc c1996.
300 ## - PHYSICAL DESCRIPTION
Extent xiv, 224 p. ;
500 ## - GENERAL NOTE
General note "A Pueblo book."
504 ## - BIBLIOGRAPHY, ETC. NOTE
Bibliography, etc Includes bibliographical references (p. 213-221) and index.
610 20 - SUBJECT ADDED ENTRY--CORPORATE NAME
Corporate name or jurisdiction name as entry element Catholic Church
General subdivision Doctrines.
9 (RLIN) 789
650 #0 - SUBJECT ADDED ENTRY--TOPICAL TERM
Topical term or geographic name as entry element Infant baptism.
9 (RLIN) 790
906 ## - LOCAL DATA ELEMENT F, LDF (RLIN)
a 7
b cbc
c orignew
d 1
e ocip
f 19
g y-gencatlg
942 ## - ADDED ENTRY ELEMENTS (KOHA)
Source of classification or shelving scheme Library of Congress Classification
Koha item type Monograph ( Printed materials)
Koha issues (borrowed), all copies 1
Holdings
Withdrawn status Lost status Source of classification or shelving scheme Damaged status Not for loan Home library Current library Date acquired Total Checkouts Full call number Barcode Date last seen Price effective from Koha item type Collection code Shelving location Date checked out
    Library of Congress Classification     ARRUPE LIBRARY ARRUPE LIBRARY 19/09/2013   BV813.2 .S73 1996 46411328 24/01/2017 19/09/2013 Monograph ( Printed materials)      
    Library of Congress Classification     ARRUPE LIBRARY ARRUPE LIBRARY 06/02/2014 1 BV813.2 .S73 1996 464123453 24/01/2017 06/02/2014 Monograph ( Printed materials) Main Collection Main Collection 25/04/2014

 

Arrupe Library. PO Box MP320 Mt Pleasant, Harare, Zimbabwe
263 242 745411|librarian@aju.ac.zw